|
|
|
|
| LEADER |
01206nam a2200277 a 4500 |
| 001 |
GR-MES12930 |
| 008 |
070831s enk b 001 0 gre d |
| 020 |
|
|
|a 0077094360
|q (pbk)
|
| 040 |
|
|
|a GrPaTEI
|b gre
|c GR-PaULI
|
| 040 |
|
|
|a GrPaTEI
|b gre
|c GR-PaULI
|
| 082 |
|
0 |
|a 658.406
|2 21
|
| 100 |
1 |
|
|a Dutta, Soumitra
|
| 245 |
1 |
0 |
|a Process reengineering, organizational change and performance improvement /
|c Soumitra Duttaean-Francois Manzoni.
|
| 260 |
|
|
|a London :
|b McGraw-Hill,
|c c1999
|
| 300 |
|
|
|a x
|a 523σ. :
|b εικ. ;
|c 25εκ.
|
| 490 |
0 |
|
|a The INSEAD global management series
|
| 504 |
|
|
|a Περιλαμβάνει βιβλιογραφίες και ευρετήριο.
|
| 650 |
|
0 |
|a ORGANIZATIONAL CHANGE
|
| 650 |
|
0 |
|a Reengineering (Management)
|
| 650 |
|
4 |
|a ΔΙΟΙΚΗΣΗ ΚΑΙ ΟΡΓΑΝΩΣΗ ΠΑΡΑΓΩΓΗΣ
|
| 650 |
|
4 |
|a Οργανωτική αλλαγή
|
| 700 |
1 |
|
|a Manzoni, Jean-Francois
|
| 942 |
|
|
|2 ddc
|
| 952 |
|
|
|0 0
|1 0
|2 ddc
|4 0
|6 658_406000000000000_DUT
|7 0
|9 271485
|a MSLG
|b MSLG
|c BSC
|d 2021-01-17
|e 24
|f 0
|g 0.00
|l 0
|o 658.406 DUT
|p 2420000022035
|r 2021-01-17 00:00:00
|t 1
|w 2021-01-17
|y BK15
|x 20070831 0 ΓΑΒΡΙΝΑ 1
|x GrPaTEI
|
| 971 |
|
|
|a .b25789776
|b 15-04-20
|c 13-09-16
|
| 999 |
|
|
|c 156826
|d 156826
|